Weki Meki all songs(2017-2024) - Statistics

General Stats
  • This quiz has been taken 6 times
    5 since last reset
  • The average score is 27 of 42
Answer Stats
Hint Answer % Correct
NEW RULES Cool
100%
KISS, KICKS Crush
100%
Digital single Dazzle Dazzle
100%
WEME I don`t like your Girlfriend
100%
Lucky La La La
100%
Lucky Lucky
100%
HIDE and SEEK Oopsy
100%
LOCK END LOL Picky Picky
100%
I AM ME. Siesta
100%
WEEK END LOL Tiki-Taka (99%)
100%
KISS, KICKS True Valentine
100%
KISS, KICKS Dear.
80%
Lucky Iron Boy
80%
HIDE and SEEK Moya Moya
80%
NEW RULES Sweet Dreams
80%
HIDE and SEEK The Paradise
80%
I AM ME. Who am I
80%
2018 PyeongChang Winter
Olympics Special
Butterfly
60%
2nd digital single CoinciDestiny
60%
Lucky Color Me
60%
NEW RULES D-DAY
60%
LOCK END LOL Petal fortune
60%
LOCK END LOL Whatever U Want
60%
WEME Fantastic
60%
WEME iTeen Girls Special
60%
NEW RULES Just Us
60%
I AM ME. Luminous
60%
Lucky Metronome
60%
WEME Neverland
60%
I AM ME. Sweet Winter
60%
HIDE and SEEK Youniverse
60%
WEME My world
40%
I AM ME. One Day
40%
WEME Stay with Me
40%
Miracle OST Between Us Two
20%
I AM ME. First Dream
20%
My ID is Gangnam Beauty OST Love Diamond
20%
Pumpkin Time OST Luv
20%
Becoming Witch OST Now or Never
20%
North Chungcheong Province Promotional single The Girls Running on the
SANMAGIYET -GIL
20%
Single & Ready to Mingle OST Again and Agan
0%
Listen-Up Stupid L♡ve
0%
No matching quizzes found
Score Distribution
Percent of People with Each Score
Percentile by Number Answered
Your Score History
You have not taken this quiz since the last reset